000 00338 a2200157 4500
001 156458
020 _a9788532298089
040 _cEscola São Tomás de Aquino
100 _aLIMA, Mirna
240 1 0 _aGeografia
_lpor
245 1 0 _aGeografia
300 _a192
362 0 _a2014
697 _aGEOGRAFIA GERAL / VIAGENS
942 _cBK
999 _c156458
_d156458